[Event "58. BEM 2004"]
[Site "Dortmund"]
[Date "2004.03.18"]
[Round "8.7"]
[White "Grube, Jörg"]
[Black "Naundorf, Maik"]
[Result "1/2-1/2"]
[WhiteElo "1887"]
[BlackElo "2015"]
[Annotator "Fritz 7 (15s)"]
[PlyCount "166"]
[EventDate "2004.??.??"]
[Source "SG Dortmund"]
[SourceDate "2004.12.16"]

{B43: Sicilian: Kan Variation: 5 Nc3
} 1. e4 c5 2. Nf3 e6 3. d4 cxd4 4. Nxd4 a6
5. Nc3 Qc7 6. Be3 Nf6 7. Qd2 Bb4 8. f3 d5 9. Nde2 $146 (9. a3 Bxc3 10. bxc3
dxe4 11. Be2 O-O 12. O-O e5 13. Nb3 Rd8 14. Qe1 Nd5 15. Bg5 f6 16. fxe4 Nxc3
17. Be3 Be6 18. Bf3 Nd7 19. Kh1 Rac8 20. a4 a5 21. Ra3 b6 22. Bd2 Qd6 23. Ra1
Qc6 24. Ra3 Nxa4 25. Bd1 Nb2 26. Bh5 Nc4 27. Qg3 Nxd2 28. Nxd2 Qxc2 29. Nf3 Nc5
30. Nxe5 fxe5 31. Raf3 Rf8 {
0-1 Martin Molinero,M-Paunovic,D/Subijana de Alava 2001/EXT 2002 (31)}) (9.
exd5 Nxd5 10. Nde2 Nxe3 11. Qxe3 O-O 12. O-O-O Nc6 (12... Bc5 13. Qg5 Be7 (
13... b5 14. Ne4 Be7 15. Qg3 Qxg3 16. N4xg3 Bb7 {
1/2-1/2 Gabrienza,M-Godoy,R/Buenos Aires 1999/EXT 2002 (16)}) 14. Qg3 Qa5 15.
Nd4 Rd8 16. Nb3 Rxd1+ 17. Nxd1 Qb6 18. Bd3 Nc6 19. a3 Bd7 20. Qe1 Rc8 21. Kb1
Qc7 22. Nf2 Ne5 23. Qe2 b5 24. c3 Bc6 25. Be4 Nc4 26. Bxc6 Qxc6 27. Ne4 a5 28.
Ned2 Nxb2 29. Nd4 Qxc3 30. N2b3 Na4 31. Ka2 Bf6 32. Nxb5 Qc2+ {
0-1 Zunker,R-Suetin,A/Gladenbach 1999/EXT 2001 (32)}) 13. Ne4 b5 14. Nf4 Bb7
15. Nh5 Be7 16. Nc5 Nb4 17. Qd4 e5 18. Qxb4 Bxc5 19. Qb3 Rad8 20. Be2 Bd4 21.
c3 Bd5 22. Qc2 Rc8 23. Bd3 Bxa2 24. Bxh7+ Kh8 25. Rhe1 Qb6 26. Rxd4 exd4 27.
Bf5 Qh6+ 28. f4 Qxh5 29. Re5 Rce8 30. g4 Qh6 31. g5 Qh5 {
0-1 Vinogradov,P-Kozakov,M/Bydgoszcz 1999/EXT 2000 (31)}) 9... dxe4 10. a3 Be7
11. fxe4 Nc6 12. Ng3 O-O 13. Bd3 b5 14. O-O Rd8 15. Qf2 Rb8 16. Nh5 Ne5 {
Der Springer kann schlecht vertrieben werden} 17. Nxf6+ Bxf6 18. Qg3 Be7 19.
Bf4 f6 {Der Gegner darf nicht nach e5+g5} 20. Be2 Rb7 21. Rad1 Rxd1 22. Rxd1
Qc5+ 23. Be3 Qc6 24. h4 Rd7 25. Rxd7 Qxd7 26. h5 Bd6 27. Qf2 Qe7 28. Bf4 Qc7
29. Qg3 (29. Be3 Nc4 30. Bxc4 Qxc4 $15) 29... Bd7 (29... Nf3+ $1 30. Qxf3 Bxf4
$17) 30. Kf1 Qb7 31. Qf2 Qc7 32. Qg3 Be8 33. Ke1 $2 (33. Qh3 Bf7 $15) 33... Kh8
(33... Nf3+ $1 34. Qxf3 Bxf4 $17) 34. Kd1 Qb6 35. Be3 Bc5 36. Bxc5 Qxc5 37. Qf4
(37. h6 Qg1+ 38. Kd2 gxh6 $15) 37... Qd6+ (37... Qg1+ $5 38. Qf1 Qe3 $19) 38.
Qd2 $17 Qc7 (38... Qb6 39. Kc1 h6 40. Kb1 $17) 39. Kc1 h6 40. Kb1 Kh7 41. Qd4
Qc6 42. Qa7 Bd7 43. Qd4 Qc8 44. Nd1 Bc6 45. Nf2 Nf7 46. Bg4 Ne5 47. Be2 Qc7 48.
Ng4 Nd7 49. Bd3 e5 50. Qf2 Kh8 51. Qf5 Qd6 52. Ne3 Nf8 53. Qg4 Bd7 54. Nf5 Bxf5
55. Qxf5 Ne6 56. Be2 Qb6 (56... Qc6 $142 $5 {lohnt die Pruefung} 57. Bg4 Nc5
58. Qc8+ Qxc8 59. Bxc8 g6 $11) 57. Bg4 $16 Nf8 58. Qc8 Qd6 59. Bf5 a5 (59...
Kg8 $5 $14 {ist zu pruefen}) 60. Qe8 $18 b4 61. axb4 axb4 62. Qb5 (62. Ka2 $5
Kg8 $18) 62... Qe7 63. c4 bxc3 64. bxc3 Qd6 65. c4 (65. Kc2 Qa3 $16) 65... Qd3+
(65... Qd1+ $142 $5 {muss beachtet werden} 66. Kb2 Qxh5 $14) 66. Kb2 Qd2+ 67.
Kb3 Qd1+ 68. Kb4 Qxh5 (68... Qd6+ $142 $5 69. Qc5 Qb8+ 70. Kc3 Qd8 $18) 69. Qb8
Qf7 70. c5 g6 (70... Qe7 $142 71. Kc4 Qf7+ 72. Kd3 Qe7 $18) 71. c6 gxf5 (71...
Qe7+ {waere gleichermassen fruchtlos} 72. Kc4 Qf7+ 73. Kd3 gxf5 74. c7 fxe4+
75. Kc3 $18) 72. c7 Qe7+ 73. Kb5 (73. Kb3 $142 {sichert den Gewinn} 73... fxe4
74. c8=Q $18) 73... Qd7+ $16 74. Kb6 (74. Ka5 Qd2+ 75. Ka4 Qc2+ 76. Kb5 Qd3+
77. Ka5 Qa3+ 78. Kb5 Qb3+ 79. Ka5 Qc3+ 80. Kb5 Qb2+ 81. Kc6 Qc1+ 82. Kb6 Qe3+
83. Kc6 Qc1+ 84. Kb6 Qb1+ 85. Kc5 Qc1+ 86. Kb6 $11) 74... Qd4+ 75. Kb7 Qxe4+
76. Ka7 Qa4+ 77. Kb7 Qb5+ 78. Ka8 $4 {Weiss bricht voellig ein} (78. Ka7 Qa5+
79. Kb7 Qd5+ 80. Ka6 Qa2+ 81. Kb6 Qb3+ 82. Ka7 Qa3+ 83. Kb7 Qb2+ 84. Ka6 Qa1+
85. Kb7 Qb1+ 86. Kc6 Qc1+ 87. Kb7 Qb2+ 88. Ka6 Qe2+ 89. Kb6 Qe3+ 90. Kb7 Qb3+
91. Ka7 $11) 78... Qa6+ $19 79. Qa7 Qc8+ (79... Ne6 $142 {
ist der schnellste Weg} 80. Qxa6 Nxc7+ 81. Kb7 Nxa6 $19) 80. Qb8 $11 Qa6+ 81.
Qa7 Qc8+ (81... Ne6 $142 {entschiede die Partie sofort} 82. Kb8 Qxa7+ 83. Kxa7
Nxc7 $19) 82. Qb8 $11 Qa6+ 83. Qa7 Qc8+ (83... Ne6 $142 $19 {
und Schwarz ist direkt am Ziel}) 1/2-1/2

[Event "58. BEM 2004"]
[Site "Dortmund"]
[Date "2004.03.18"]
[Round "8.8"]
[White "Thormann, Olaf"]
[Black "Kalikhman, Grigorij"]
[Result "1/2-1/2"]
[WhiteElo "1900"]
[BlackElo "1975"]
[Annotator "Fritz 7 (15s)"]
[PlyCount "45"]
[EventDate "2004.??.??"]
[Source "SG Dortmund"]
[SourceDate "2004.12.16"]

{C00: French: Unusual White 2nd moves
} 1. e4 e6 2. Nc3 d5 3. exd5 exd5 4. d4
c6 5. Bd3 Bd6 6. Nge2 Qc7 7. Ng3 (7. Be3 Ne7 8. Ng3 f5 9. Bg5 f4 10. Bxe7 Qxe7+
11. Nge2 f3 12. gxf3 O-O 13. O-O Qh4 14. f4 Bh3 15. Re1 Bg4 16. Qd2 Bf3 17. Ng3
Bxf4 18. Re3 Nd7 19. Qe1 Bxe3 20. Qxe3 Rae8 21. Qd2 Nf6 {
0-1 Kottwitz,D-Peters,A/GER 2000/EXT 2002 (21)}) 7... g6 (7... Ne7 8. O-O Be6
9. a3 Nd7 10. b4 h5 11. f4 g6 12. Qf3 Bg4 13. Qf2 h4 14. Nge2 Bf5 15. Qf3 a6
16. Nd1 O-O-O 17. c4 Bxd3 18. Qxd3 dxc4 19. Qxc4 Nd5 20. Nec3 N7b6 21. Nxd5
Nxd5 22. Nc3 {Li Ching-Lomibao,J/Manila 2001/CBM 82 ext/0-1 (43)}) 8. Qe2+ $146
(8. Bg5 Be6 9. Qe2 Nd7 10. a3 Nf8 11. b4 f6 12. Bd2 Kf7 13. O-O Re8 14. Qf3 Qd7
15. h3 Kg7 16. Nce2 Ne7 17. Bf4 Bxf4 18. Nxf4 Bf7 19. Rfe1 h5 20. h4 Qg4 21.
Rxe7 Qxf3 22. Rxf7+ Kxf7 {Duarte,R-Bernardi,R/Bozen 1998/CBM 65 ext/0-1 (47)})
8... Be6 9. Rf1 (9. O-O $5 $11) 9... Nd7 10. Bg5 Bf4 11. Bxf4 Qxf4 {
Haelt den Koenig im Zentrum fest} 12. Qe3 Qxe3+ 13. fxe3 f5 14. Nce2 O-O-O 15.
Nf4 Re8 16. Kd2 Ngf6 17. h3 {Nimmt Einfluss auf g4} 17... Bf7 18. Rac1 Re7 19.
Rfe1 Rhe8 {Der rueckstaendige Bauer e3 wird angegriffen} 20. Nf1 Ne4+ 21. Bxe4
Rxe4 22. Nd3 R4e7 23. b3 1/2-1/2

[Event "58. BEM 2004"]
[Site "Dortmund"]
[Date "2004.03.18"]
[Round "8.9"]
[White "Woestmann, Ulrich"]
[Black "Raskin, Vitali"]
[Result "0-1"]
[WhiteElo "1972"]
[BlackElo "1668"]
[Annotator "Fritz 7 (15s)"]
[PlyCount "108"]
[EventDate "2004.??.??"]
[Source "SG Dortmund"]
[SourceDate "2004.12.16"]

{C26: Vienna Game: 2...Nf6, sidelines 
} 1. e4 e5 2. Nc3 Nf6 3. Bc4 Bc5 4. d3
c6 5. Bg5 h6 (5... d6 6. Nf3 Nbd7 7. Bb3 Nf8 8. d4 exd4 9. Nxd4 h6 10. Bh4 Ng6
11. Bg3 h5 12. h4 O-O 13. Qd3 Ne5 14. Qd2 Bb4 15. f3 Qa5 16. Nde2 Be6 17. Bxe6
fxe6 18. Bxe5 Qxe5 19. O-O-O d5 20. Qg5 {
Lendwai,R-Porper,E/Borsodtavho 1991/CBM 23 ext/1/2-1/2 (61)}) 6. Bh4 (6. Bxf6
Qxf6 7. Qf3 Qxf3 8. Nxf3 d6 9. O-O b5 10. Bb3 Bg4 11. Nd2 Bd4 12. Nxb5 cxb5 13.
Bd5 Bxb2 14. Rab1 Bc3 15. Nf3 b4 16. Bxa8 O-O 17. Bd5 Nd7 18. a3 a5 19. a4 Nc5
20. Bc6 Ne6 {Heran,R-Libens,M/Cannes 2000/EXT 2001/1-0 (53)}) 6... Be7 $146 (
6... b5 7. Bb3 d6 (7... a5 8. a3 Bb7 9. Qf3 g5 10. Bg3 Bd4 11. Nge2 g4 12. Qf5
d6 13. Bh4 Nbd7 14. Nxd4 exd4 15. Ne2 c5 16. O-O c4 17. dxc4 bxc4 18. Bxc4 Rc8
19. Bb5 Bc6 20. Bd3 Ba4 21. Nxd4 Rc5 22. Qf4 {
Cruz,P-Casimiro,E/Lisbon 1998/EXT 2000/1-0 (52)}) 8. Qe2 Nbd7 9. Nd1 Nf8 10. f3
Ng6 11. Bf2 Nf4 12. Qf1 Qa5+ 13. c3 Bxf2+ 14. Kxf2 Qb6+ 15. Ne3 d5 16. g3 Ne6
17. Ne2 O-O 18. Qc1 a5 19. Kg2 Nc5 20. Bc2 dxe4 21. dxe4 {
Ioseliani,N-Gaprindashvili,N/Tbilisi 1980/MCD/1/2-1/2 (65)}) (6... g5 7. Bg3 d6
8. h3 Be6 9. Bb3 h5 10. Qd2 h4 11. Bh2 Nbd7 12. Qxg5 Bxf2+ 13. Kf1 Bd4 14. Nge2
Qe7 15. Bg1 O-O-O 16. Nxd4 exd4 17. Bxd4 Rh5 18. Bxf6 Nxf6 19. Qe3 d5 20. exd5
cxd5 21. Nb5 {Scholz,S-Roth,M/Wallertheim 1994/GER/0-1 (32)}) 7. Bg3 d5 8. exd5
cxd5 9. Bb5+ Bd7 10. Bxe5 Bxb5 11. Nxb5 Qa5+ 12. Nc3 Nc6 13. Bxf6 Bxf6 14. Qd2
O-O 15. Nge2 Bg5 16. f4 Bh4+ 17. g3 Bf6 {Ermoeglicht auch d4} 18. h4 (18. Nd1
$5 Qc5 19. c3 $11) 18... Rfe8 19. O-O-O $2 (19. Kd1 $142 $17) 19... Bxc3 $19
20. Nxc3 d4 21. Nb1 Qxa2 22. f5 (22. Rde1 $19) 22... Rac8 23. Rde1 Rxe1+ 24.
Qxe1 (24. Rxe1 {ist noch eine duenne Chance} 24... Na5 25. Qb4 Nb3+ 26. Qxb3
Qxb3 27. Re8+ Rxe8 28. cxb3 $19) 24... Na5 25. c4 dxc3 26. Nxc3 (26. Qxc3 {
hilft allerdings auch nicht} 26... Nb3+ 27. Kc2 Nd4+ 28. Kd2 Rxc3 29. Kxc3 Ne2+
30. Kc2 Qa4+ 31. Kd2 Nxg3 $19) 26... Nb3+ 27. Kc2 (27. Kd1 {aendert nichts mehr
} 27... Qxb2 28. g4 Rxc3 29. Qxc3 Qxc3 $19) 27... Nd4+ 28. Kd1 Qxb2 29. Qd2
Qxc3 (29... Qb3+ $142 {und nichts geht mehr} 30. Ke1 Nf3+ 31. Kf2 Nxd2 $19) 30.
Qxc3 Rxc3 31. Kd2 Rc2+ 32. Ke3 Nxf5+ 33. Kf3 b5 34. Ra1 Rc7 35. Kf4 g6 36. h5
Kg7 37. hxg6 fxg6 38. g4 Nd4 39. Ke5 Nc2 40. Rb1 b4 41. d4 a5 42. d5 Re7+ 43.
Kd6 Ra7 44. Ke6 (44. Kc6 {holt die Kuh nicht vom Eis} 44... Kf6 45. d6 Ra6+ 46.
Kc5 a4 $19) 44... Nd4+ (44... Ra6+ $142 $5 {ist genauer} 45. Ke7 Ne3 46. d6
Nd5+ 47. Ke6 $19) 45. Ke5 Nf3+ 46. Ke6 (46. Kf4 {
aendert nichts am Ausgang der Partie} 46... Ng5 $19) 46... Ng5+ (46... b3 $142
$5 {erleichterte Schwarz die Gewinnfuehrung} 47. d6 Ng5+ 48. Kd5 $19) 47. Ke5
Nf7+ 48. Ke6 (48. Kd4 {hilft auch nicht mehr} 48... Kf6 $19) 48... Ra6+ 49. Ke7
Nd6 50. Rc1 (50. Ke6 {ist ein letzter Versuch} 50... Nc4+ 51. Ke7 $19) 50... b3
51. Rc7 b2 52. Kd8+ Kg8 (52... Nf7+ 53. Rxf7+ Kxf7 54. Kd7 b1=Q 55. Kc8 Ra7 56.
d6 Qb7+ 57. Kd8 Qd7#) 53. g5 (53. Ke7 {aendert den Lauf der Dinge nicht} 53...
b1=Q 54. Kd8 Qb8+ 55. Rc8 Qxc8+ 56. Ke7 Qe8+ 57. Kf6 Ne4#) 53... hxg5 (53...
b1=Q 54. Rb7 Qxb7 55. gxh6 Ra8#) 54. Ra7 (54. Kd7 {
macht keinen grossen Unterschied} 54... b1=Q 55. Rc8+ Nxc8 56. Kd8 Qb6+ 57.
Kxc8 Ra8+ 58. Kd7 Ra7+ 59. Ke8 Qb8#) 54... Nf7+ (54... Nf7+ 55. Ke8 Rxa7 56. d6
b1=Q 57. d7 Qe4#) (54... Rxa7 $6 $11 {waere ein Fehlgriff}) 0-1

[Event "58. BEM 2004"]
[Site "Dortmund"]
[Date "2004.03.18"]
[Round "8.10"]
[White "Büchle, Manfred"]
[Black "Gielisch, Eckhart"]
[Result "1-0"]
[WhiteElo "1959"]
[BlackElo "1851"]
[Annotator "Fritz 7 (15s)"]
[PlyCount "61"]
[EventDate "2004.??.??"]
[Source "SG Dortmund"]
[SourceDate "2004.12.16"]

{C00: French: Unusual White 2nd moves
} 1. e4 e6 2. b3 d5 3. exd5 exd5 4. Bb2
Nc6 (4... Bf5 5. Nf3 Nd7 6. c4 Ngf6 7. Nc3 Be7 8. Be2 O-O 9. O-O Nb6 10. d4 c6
11. Rc1 h6 12. Ne5 Bb4 13. Bf3 Re8 14. a3 Bxc3 15. Bxc3 Ne4 16. Ba5 Qg5 17. Re1
Nd7 18. cxd5 cxd5 19. Bc7 {Wirius,J-Obermayr,H/Austria 1995/EXT 99/1-0 (33)})
5. Nf3 (5. Bb5 Qg5 6. Qf3 Bg4 7. Qe3+ Qxe3+ 8. dxe3 f6 9. Ne2 O-O-O 10. Bxc6
bxc6 11. Nd4 Kb7 12. h3 Bc8 13. O-O Bd6 14. Nd2 Ne7 15. c4 Nf5 16. N4f3 Rhe8
17. Rac1 Nh6 18. c5 Be5 19. Nd4 Bxd4 {
Olejnicek,J-Hadzala,D/CZE 2000/EXT 2002/1/2-1/2 (33)}) 5... Bg4 $146 (5... Nf6
6. Bb5 Qe7+ 7. Qe2 Qxe2+ 8. Kxe2 Bd7 9. Bxf6 gxf6 10. Nc3 Ne7 11. Bxd7+ Kxd7
12. d4 c6 13. Rhd1 Nf5 14. Kf1 Re8 15. Ne2 Nd6 16. Ng3 {
1/2-1/2 Biro,L-Szittar,A/HUN 1999/EXT 2002 (16)}) 6. Be2 Nf6 7. O-O Bc5 8. d4
Bd6 9. c4 Ne7 10. h3 Bh5 11. c5 {Raumvorteil} 11... Bf4 12. g3 Bxf3 13. Bxf3
Bh6 14. Re1 O-O 15. Qd3 c6 16. Nc3 Re8 17. b4 Qd7 18. Bg2 g6 19. g4 Bg7 20. Ne2
Ne4 21. f3 ({Dagegen} 21. Bxe4 dxe4 22. Qxe4 Nd5 $17) 21... Ng5 22. Nf4 f5 23.
h4 Nf7 24. g5 {Weiss erobert Raum} 24... h5 (24... Rab8 $5 $14 {
ist vielleicht staerker}) 25. Re2 Kh7 26. Rae1 Ng8 27. Bh3 Rxe2 28. Rxe2 Re8 $4
{der letzte Fehler} (28... Nd8 $142 $16) 29. Bxf5 $1 $18 {
Beseitigt den Bauernschutz} 29... gxf5 (29... Qxf5 30. Qxf5) 30. Rxe8 Qxe8 (
30... Ne7 {waere noch eine kleine Chance} 31. Ra8 Ng6 32. Nxh5 Nxh4 $18) 31.
Qxf5+ (31. Qxf5+ Kh8 32. Ng6+ Kh7 33. Nf8+ Kh8 34. Qh7#) 1-0

[Event "58. BEM 2004"]
[Site "Dortmund"]
[Date "2004.03.18"]
[Round "8.11"]
[White "Morgenroth, Hubertus"]
[Black "Starp, Klaus"]
[Result "1-0"]
[WhiteElo "1654"]
[BlackElo "1892"]
[PlyCount "117"]
[EventDate "2004.??.??"]
[Source "SG Dortmund"]
[SourceDate "2004.12.16"]

1. e4 c5 2. d4 cxd4 3. c3 dxc3 4. Nxc3 Nc6 5. Nf3 e6 6. Bf4 d6 7. Bc4 a6 8. a4
Nf6 9. Qe2 Be7 10. Rd1 Qc7 11. O-O Qb8 12. h3 Ne5 13. Ba2 O-O 14. Nxe5 dxe5 15.
Be3 b5 16. a5 Bd7 17. Qf3 Bc6 18. Bb1 Kh8 19. Ne2 Qb7 20. Ng3 Rad8 21. Bb6 Rxd1
22. Rxd1 Nd7 23. Be3 f5 24. Bc1 Nf6 25. Qb3 f4 26. Ne2 Bxe4 27. Bxe4 Qxe4 28.
Nc3 Qc6 29. Re1 b4 30. Nb1 Nd5 31. Nd2 Rc8 32. Nf3 Bf6 33. Bd2 Qd6 34. Qd3 Kg8
35. Qe4 g6 36. g3 fxg3 37. fxg3 Qc5+ 38. Kg2 Qc2 39. Kg1 Qxe4 40. Rxe4 Rc2 41.
Bxb4 Rxb2 42. Be1 Kf7 43. Nxe5+ Bxe5 44. Rxe5 Ke7 45. Re4 Ra2 46. Rh4 h5 47.
Re4 Kd7 48. g4 hxg4 49. Rxg4 Ne7 50. Rb4 Nd5 51. Rg4 Ra1 52. Kf2 Ne7 53. Rb4
Nc6 54. Rb6 Nxa5 55. Rxa6 Nb3 56. Rb6 Nc5 57. Ke2 Ra4 58. h4 Rd4 59. Rb8 {
(Zeitueberschreitung?)} 1-0

[Event "58. BEM 2004"]
[Site "Dortmund"]
[Date "2004.03.18"]
[Round "8.12"]
[White "Benke, Werner"]
[Black "Kleymann, Jelena"]
[Result "0-1"]
[WhiteElo "1609"]
[BlackElo "1865"]
[Annotator "Fritz 7 (15s)"]
[PlyCount "28"]
[EventDate "2004.??.??"]
[Source "SG Dortmund"]
[SourceDate "2004.12.16"]

{D02: 1 d4 d5 2 Nf3 sidelines, including 2...Nf6 3 g3 and 2...Nf6 3 Bf4
} 1. d4
Nf6 2. Nf3 e6 3. Bf4 d5 4. h3 Bd6 5. Bxd6 Qxd6 6. e3 Qb4+ 7. Nbd2 Qxb2 8. Bd3
O-O 9. O-O b6 (9... Nbd7 10. Qe2 Qa3 11. c4 c6 12. Ne5 Qd6 13. f4 Ne8 14. Rac1
f5 15. g4 Ndf6 16. Kh2 Qe7 17. g5 Ne4 18. c5 Nxd2 19. Qxd2 g6 20. h4 Bd7 21.
Rb1 Bc8 22. a4 Qc7 23. a5 a6 24. Rb6 Qd8 25. Rg1 Nc7 26. h5 Qe8 27. Qf2 Kg7 28.
Qh4 Rh8 29. Kg3 Nb5 30. Rh1 gxh5 31. Be2 Kf8 32. Bxh5 Qe7 33. Bf7 {
1-0 Klemanic,E-Adamko,P/SVK 1995/EXT 97 (33)}) 10. Qe2 $146 (10. e4 dxe4 11.
Nxe4 Nbd7 12. Rb1 Qxa2 13. Ne5 Bb7 14. Nxf6+ Nxf6 15. Ng4 Nxg4 16. Qxg4 Qa3 17.
Rb5 Bd5 18. Qg3 Qe7 19. c4 Bb7 20. Rg5 g6 21. Qh4 Qa3 22. Bb1 Ba6 23. Qh6 Qe7
24. Qh4 Qd7 {Henderson,D-Short,B/Stillwater 2001/EXT 2002/1-0 (37)}) 10... Qa3
11. c4 Ba6 12. Rfc1 Nc6 13. Rab1 $2 (13. Qf1 $142 $17) 13... Nb4 $19 14. Rb3 $4
{das letzte Eigentor} (14. Re1 Nxd3 15. Rb3 Qxa2 16. Qxd3 $19) 14... Qxc1+ (
14... Qxc1+ 15. Kh2 Nxd3 16. Qxd3 dxc4 $19) 0-1

[Event "58. BEM 2004"]
[Site "Dortmund"]
[Date "2004.03.18"]
[Round "8.13"]
[White "Barskij, Aleksandr"]
[Black "Raszelenberg, Patrick"]
[Result "0-1"]
[WhiteElo "1828"]
[BlackElo "1747"]
[PlyCount "77"]
[EventDate "2004.??.??"]
[Source "SG Dortmund"]
[SourceDate "2004.12.16"]

1. e4 c5 2. Nf3 d6 3. d4 cxd4 4. Nxd4 a6 5. Nc3 e6 6. Be3 Qc7 7. Be2 b5 8. a3
Nf6 9. O-O Be7 10. f4 Bb7 11. Bf3 Nbd7 12. Nb3 Rd8 13. g4 O-O 14. g5 Ne8 15.
Bg2 Nb6 16. Qh5 Nc4 17. Bc1 d5 18. exd5 exd5 19. f5 Qb6+ 20. Kh1 d4 21. Ne4 f6
22. g6 h6 23. Bxh6 gxh6 24. Qxh6 Rf7 25. Rf4 Rg7 26. Rh4 Kf8 27. Qh8+ Rg8 28.
Qh7 Ng7 29. Rf1 Ne3 30. Rf3 Nxg2 31. Kxg2 Qc6 32. Rfh3 Qxc2+ 33. Kg1 Qd1+ 34.
Kf2 Bd5 35. Nbd2 d3 36. b4 Qe2+ 37. Kg1 Rc8 38. Nf1 Rc1 39. Rf4 {
und Weiss ueberschritt die Zeit ...} 0-1

[Event "58. BEM 2004"]
[Site "Dortmund"]
[Date "2004.03.18"]
[Round "8.15"]
[White "Orlowski, Wilfried"]
[Black "Hardt, Helmut"]
[Result "0-1"]
[WhiteElo "1668"]
[BlackElo "1766"]
[Annotator "Fritz 7 (15s)"]
[PlyCount "92"]
[EventDate "2004.??.??"]
[Source "SG Dortmund"]
[SourceDate "2004.12.16"]

{E91: King's Indian: Classical: 6 Be2, unusual replies including 6...c5 and 6..
.Bg4 } 1. c4 Nf6 2. Nc3 g6 3. d4 Bg7 4. e4 d6 5. Nf3 O-O 6. Be2 c6 7. O-O Qc7
8. h3 Nbd7 9. Be3 e5 10. d5 c5 (10... Re8 11. Nd2 a6 12. Rc1 c5 13. a3 h6 14.
b4 b6 15. Re1 Nh7 16. Bd3 Ndf8 17. g4 Qd8 18. Qf3 Qh4 19. Qg3 Qd8 20. Rb1 g5
21. a4 Nd7 22. Bf1 Nhf8 23. Rb3 Ng6 24. Reb1 Nf4 25. bxc5 {
Jones,B-Rujevic,M/39th Doeberl Cup, Canberra AUS 2001/0-1 (51)} 25... bxc5 26.
Kh2 Bf6 27. Nf3 Kg7 28. Nd1 Be7 29. Bd2 Nf6 30. Re3 Bd7 31. Bc3 Bxa4 32. Nd2
Rh8 33. Re1 Bxd1 34. Rexd1 Rb8 35. Ra1 Qc8 36. Kg1 h5 37. f3 hxg4 38. hxg4 Rh3
39. Qxh3 Nxh3+ 40. Bxh3 Nh5 41. Kf2 Nf4 42. Rh1 Bd8 43. Bg2 a5 44. Bf1 Qa6 45.
Be2 a4 46. Bd1 a3 47. Bc2 a2 48. Rad1 Ba5 49. Bxa5 Qxa5 50. Nb3 Qc3 51. Na1 Rb2
) 11. Qd2 $146 (11. a3 a6 12. b4 b6 13. Nd2 Ne8 14. Nb3 Rb8 15. b5 a5 16. g4
Rb7 17. Rc1 Qd8 18. Kg2 Nb8 19. Nd2 f6 20. Bd3 Rbf7 21. Qe2 Nd7 22. Nf3 Qe7 23.
Rg1 Nb8 24. Kf1 Bd7 25. Ke1 f5 {Kipker,R-Grund,W/Dortmund 1990/EXT 97/0-1 (44)}
) (11. Ne1 Ne8 12. a3 f5 13. f3 Qd8 14. b4 b6 15. Rb1 f4 16. Bf2 Bf6 17. bxc5
bxc5 18. Qa4 Nb6 19. Qa5 Rf7 20. Nc2 Rb7 21. Nb5 a6 22. Nc3 Bd7 23. Na2 Qb8 24.
Qe1 Na4 25. Rxb7 Qxb7 {Riedel,A-Kozlovskaya,V/Sochi 1988/EXT 2002/1/2-1/2 (58)}
) 11... Nh5 12. Bh6 Qd8 13. Bxg7 Kxg7 14. Ng5 Nf4 15. h4 h6 16. Nf3 g5 (16...
Nb6 $142 $5 $15 {ist erwaegenswert}) 17. hxg5 hxg5 18. g3 Nh3+ 19. Kg2 Rh8 20.
Rh1 g4 21. Nh4 Rxh4 22. gxh4 Qxh4 23. Raf1 (23. Rh2 $5 $16) 23... Nf6 $11 24.
Rh2 Nh5 25. Qe3 Bd7 (25... N5f4+ $5 {ist zu erwaegen} 26. Kh1 Bd7 $11) 26. Rfh1
$16 Rg8 27. Kf1 Kf6 28. Rxh3 $1 {
die richtige Fortsetzung, um den Vorteil festzuhalten} 28... gxh3 (28... Qxh3+
29. Rxh3) 29. Qh6+ {Motiv: Doppelangriff} 29... Ke7 30. Qxh5 (30. Bxh5 $2 Rg2
31. Qe3 Qxh5 $19) 30... Qf4 31. Qf3 (31. Rg1 Rxg1+ 32. Kxg1 a6 $18) 31... Qc1+
32. Nd1 Bg4 33. Qd3 Bd7 34. Qe3 ({Nicht} 34. Rxh3 Bxh3+ 35. Qxh3 Qg5 $16) 34...
Qb1 35. a3 b5 36. Qd3 Qc1 (36... Qxd3 $5 37. Bxd3 b4 $18) 37. cxb5 Rg6 38. a4 (
{Und nicht} 38. Rxh3 Bxh3+ 39. Qxh3 Rh6 $18) 38... Qg5 39. Bf3 h2 40. Ne3 Qg1+
41. Ke2 Bh3 42. Qd1 Kd8 43. Nf1 $4 {wirft den sicheren Gewinn weg} (43. b6 $142
{machte sofort alles klar} 43... axb6 44. Qb3 $18) 43... Bg2 (43... Rg2 44.
Rxg1 hxg1=Q 45. Bxg2 Qxg2 46. Ne3 Qxe4 47. f3 $15) 44. Bxg2 (44. Ng3 $142 {
und Weiss spielt mit} 44... Bxh1 45. Bxh1 $14) 44... Rxg2 $17 45. Rxh2 $4 {
fuehrt zu weiteren Sorgen} (45. Rxg1 $142 hxg1=Q 46. Qe1 $17) 45... Qxf2+ 46.
Kd3 Qd4# (46... Rxh2 $6 {ist sichtlich schwaecher} 47. Nxh2 Qxh2 48. Qe2 $15)
0-1

[Event "58. BEM 2004"]
[Site "Dortmund"]
[Date "2004.03.18"]
[Round "8.16"]
[White "Ziemek, Gerhard"]
[Black "Schultz, Bernfried"]
[Result "0-1"]
[WhiteElo "1740"]
[BlackElo "1611"]
[Annotator "Fritz 7 (15s)"]
[PlyCount "90"]
[EventDate "2004.??.??"]
[Source "SG Dortmund"]
[SourceDate "2004.12.16"]

{B08: Pirc Defence: Classical System
} 1. e4 d6 2. d4 Nf6 3. Nc3 g6 4. Nf3 Bg7
5. Be2 O-O 6. O-O Bg4 7. h3 Bxf3 8. Bxf3 c6 9. Be3 (9. a4 a5 10. Bg5 Nbd7 11.
Qd2 Qc7 12. Rad1 Rfe8 13. Be2 e5 14. dxe5 dxe5 15. Qe3 Nf8 16. Bc4 Ne6 17. Bxe6
Rxe6 18. Rd3 Rd6 19. Rfd1 Rxd3 20. Qxd3 h6 21. Be3 Bf8 22. g3 Qc8 23. Kg2 Qe6 {
Petursson,M-Sahu,S/Philadelphia 1989/EXT 97/1/2-1/2 (55)}) (9. Bd2 e5 10. d5
cxd5 11. Nxd5 Nxd5 12. exd5 Nd7 13. Bb4 Nf6 14. c4 e4 15. Be2 Qb6 16. Qd2 Rfe8
17. a4 a5 18. Qe3 Qxb4 19. Rab1 Qxa4 20. c5 Nxd5 21. Qd2 Qc6 22. cxd6 Qxd6 23.
Bc4 Re5 {Esposito,J-Draillard,M/Romans 1999/EXT 2002/1-0 (38)}) 9... Nbd7 10.
Qd2 Re8 $146 (10... Qc7 11. Rfe1 e5 12. g3 Rfe8 13. a4 Rad8 14. d5 Nb6 15. Be2
a5 16. Qd3 Nfd7 17. Rad1 Nc5 18. Bxc5 dxc5 19. d6 Qb8 20. Qe3 Nd7 21. Bc4 b6
22. Qf3 Rf8 23. Re2 Nf6 24. Red2 Rd7 25. Kg2 {
Pelt,A-Mueller,M/Waldfischbach 1995/EXT 2001/1/2-1/2 (37)}) (10... Qa5 11. Rad1
Rfd8 12. Be2 b5 13. a3 a6 14. f4 c5 15. Bf3 Rab8 16. dxc5 dxc5 17. Qf2 b4 18.
axb4 cxb4 19. Nd5 Nxd5 20. Rxd5 Qc7 21. e5 Nb6 22. Rc5 Qd7 23. Rc6 Nd5 24. Bxd5
Qxd5 25. Rxa6 {Vatanski,A-Koskivirta,T/Helsinki 1995/EXT 98/1/2-1/2 (49)}) 11.
a3 e5 12. d5 cxd5 13. Nxd5 Nc5 14. Nxf6+ Bxf6 15. Rad1 Be7 16. Qd5 Qc7 17. Qc4
Rec8 18. c3 a6 19. Bg4 Nd7 20. Qb3 b5 21. f4 h5 $2 (21... exf4 $142 $5 22. Bxf4
Qa7+ 23. Rd4 Nc5 $16) 22. Bxd7 Qxd7 23. fxe5 Rc4 24. Qc2 (24. exd6 $142 $5 Bf8
25. e5 $18) 24... Qe6 $16 25. exd6 Bxd6 26. Bd4 Be5 27. Qf2 Rd8 28. Rd3 Rd7 29.
Rfd1 Rc8 30. Kf1 Rc4 31. Qh4 f6 32. Qf2 Rf7 33. Kg1 f5 (33... Bxd4 34. Rxd4
Rxd4 35. Rxd4 $16) 34. exf5 Rxf5 35. Qe3 (35. Rf3 $5 $16) 35... Bxd4 $14 36.
cxd4 Qxe3+ 37. Rxe3 Rc2 38. Rg3 Kh7 39. d5 Rxb2 $4 {vergroessert seine Probleme
} (39... Rff2 $142 40. Re1 Rfd2 $16) 40. d6 $18 Rff2 41. Rdd3 (41. d7 $142 {
und Schwarz kann direkt aufgeben} 41... Rfd2 42. d8=R Rxd1+ 43. Rxd1 $18) 41...
Rfd2 $11 42. d7 Rb1+ 43. Kh2 Rdd1 44. Rge3 h4 45. g4 $4 (45. Re7+ $142 {
war der einzige Versuch} 45... Kh6 46. Rxd1 Rxd1 47. g4 $15) 45... Rb2+ (45...
Rb2+ 46. Rd2 Rbxd2+ 47. Re2 Rxe2#) 0-1